La senda biocéntrica: valores intrínsecos, derechos de la naturaleza y justicia ecológica /
En este artículo se revisan las principales perspectivas conceptuales y prácticas sociales y políticas que defienden a la naturaleza como sujeto de derechos, en contraste con las posturas convencionales que la entienden únicamente como objeto de valoración por los seres humanos. Se consideran sus ex...
Spremljeno u:
| Glavni autor: | |
|---|---|
| Format: | Tekst |
| Teme: | |
| Oznake: |
Dodaj oznaku
Bez oznaka, Budi prvi tko označuje ovaj zapis!
|
MARC
| LEADER | 00000 a a2200000 04500 | ||
|---|---|---|---|
| 001 | 45929 | ||
| 003 | |||
| 040 | |||
| 100 | |a Gudynas, Eduardo | ||
| 245 | 1 | 3 | |a La senda biocéntrica: |b valores intrínsecos, derechos de la naturaleza y justicia ecológica / |c Eduardo Gudynas |
| 520 | |a En este artículo se revisan las principales perspectivas conceptuales y prácticas sociales y políticas que defienden a la naturaleza como sujeto de derechos, en contraste con las posturas convencionales que la entienden únicamente como objeto de valoración por los seres humanos. Se consideran sus expresiones concretas en América Latina, especialmente en la nueva Constitución de Ecuador. | ||
| 590 | |a RRH/FEBRERO2014 | ||
| 650 | |a NATURALEZA | ||
| 650 | |a LEGISLACION | ||
| 650 | |a ESTADO | ||
| 650 | |a DERECHO | ||
| 650 | |a MODERNIDAD | ||
| 650 | |a AMERICA LATINA | ||
| 650 | |a ECUADOR | ||
| 773 | |g número13 (2010), páginas 45-71 | ||
| 999 | |c 17814 |d 17814 | ||
